000 00782pam a2200265 a 4500
001 1508056
003 OSt
005 20230622153527.0
008 891120s1990 nyua 001 0 eng
010 _a 89013674
020 _a0688087191:
_c$20.95
040 _aDLC
_cDLC
_dDLC
043 _an-us---
050 0 0 _aJK1083
_b.B57 1990
082 0 0 _a328.73/0761
_220
_bBIS
100 1 _aBisnow, Mark,
_d1952-
245 1 0 _aIn the shadow of the dome :
_bchronicles of a Capitol Hill aide /
_cMark Bisnow.
250 _a1st ed.
260 _aNew York :
_bMorrow,
_cc1990.
300 _a319 p. :
_bill. ;
_c24 cm.
500 _aIncludes index.
610 1 0 _aUnited States.
_bCongress
_xOfficials and employees.
906 _a7
_bcbc
_corignew
_d1
_eocip
_f19
_gy-gencatlg
942 _2ddc
_cBK
999 _c2366
_d2366